000 00635nam a2200253Ia 4500
003 OSt
005 20221007104926.0
006 a|||||r|||| 00| 0
007 ta
008 221006b |||||||| |||| 00| 0 eng d
024 _a17,116
037 _cTextual
040 _aLCO
_cLCO
_beng
041 _2eng
_aeng
082 _aZ2,4, M3
100 _aCracknell D.G
_9688642
245 0 _aLaw Students' Companion
_b Torts
250 _a6th
260 _aLondon
_bButterworths UK
_c1983
300 _a260
650 _aTORTS
_9690967
942 _hZ2,4, M3
_cTEXL
999 _c1186679
_d1186679